000
00341nam a2200145Ia 4500
008
191201s2004 xx 000 0 und d
082
_a
621.3813
_b
MAM-
100
_a
MAINI, A K
245
0
_a
Microwaves and Radar
250
_a
3rd
260
_a
N.Delhi
_b
Khanna Publisher
_c
2004
300
_a
726
650
_a
B.Tech(ECE)
942
_2
ddc
_c
BK
999
_c
1166
_d
1166